Estadísticas para Países más cercanos a Barbados

Haz click aquí para intentar la prueba.

Estadísticas generales

  • Esta prueba ha sido intentada 24 veces
  • La puntuación promedio es 19 de 20

Estadísticas de respuestas

kmpaís% Correcto
507Guyana
100%
525San Cristóbal y Nieves
100%
158San Vicente y
las Granadinas
100%
1669Bahamas
95%
1722Cuba
95%
276Dominica
95%
201Granada
95%
1401Haití
95%
1844Jamaica
95%
2001Panamá
95%
1097República Dominicana
95%
145Santa Lucía
95%
833Surinam
95%
217Trinidad y Tobago
95%
357Venezuela
95%
467Antigua y Barbuda
91%
869Brasil
91%
1252Colombia
91%
2112Perú
86%
2269Ecuador
82%

Distribución de puntuación

Porcentaje por número respondido

Porcentaje de gente con cada puntuación

Historial de tus puntuaciones

No has intentado esta prueba.